000 00843nam a2200229 i 4500
001 9762
003 ES-MaACL
005 20250811103050.0
007 t|
008 940105s1989 ve ||||1| spa d
080 _a9(87 Barquisimeto)
100 1 _aLópez Pérez, María Victoria.
_973888
245 1 3 _aLa Memoria de la ciudad, Barquisimeto y sus alrededores, 1800-1860 /
_cMaría Victoria López Pérez.
260 _aBarquisimeto, Lara :
_bAteneo Ciudad de Barquisimeto,
_c1989.
300 _a55 p. ;
_c22 cm.
490 1 _aFichero Histórico del Ateneo ;
_vCuaderno n. 1
651 4 _aBarquisimeto (Venezuela)-
_xHistoria.
_97871
710 2 _aAteneo Ciudad de Barquisimeto (Venezuela)
_91854
830 0 0 _aFichero histórico del Ateneo
_vCuaderno n. 1
_9228064
852 _aES-MaACL
_j2148-F-19
_bR.127978
999 _c9762
_d9762